000
00257nam a22001217a 4500
999
_c
12709
_d
12709
020
_a
9780349142920
082
_a
813.6
100
_a
NG, Celeste
245
_a
Little Fires Everywhere/
260
_a
USA
_b
Abacus
_c
2018
300
_a
388, pages.
942
_c
BK